<?xml version="1.0" encoding="UTF-8"?><marc:collection xmlns:marc="http://www.loc.gov/MARC21/slim">
  <marc:record>
    <marc:leader>03189nas a2200709 c 4500</marc:leader>
    <marc:controlfield tag="001">010054642</marc:controlfield>
    <marc:controlfield tag="003">DE-101</marc:controlfield>
    <marc:controlfield tag="005">20250311211130.0</marc:controlfield>
    <marc:controlfield tag="007">tu</marc:controlfield>
    <marc:controlfield tag="008">991118d19502004gw m||p|  ||| 0||||1ger c</marc:controlfield>
    <marc:datafield tag="015" ind1=" " ind2=" ">
      <marc:subfield code="a">05,A37,0281</marc:subfield>
      <marc:subfield code="2">dnb</marc:subfield>
    </marc:datafield>
    <marc:datafield tag="016" ind1="7" ind2=" ">
      <marc:subfield code="2">DE-600</marc:subfield>
      <marc:subfield code="a">3650-X</marc:subfield>
    </marc:datafield>
    <marc:datafield tag="016" ind1="7" ind2=" ">
      <marc:subfield code="2">DE-101</marc:subfield>
      <marc:subfield code="a">010054642</marc:subfield>
    </marc:datafield>
    <marc:datafield tag="022" ind1=" " ind2=" ">
      <marc:subfield code="a">0016-9447</marc:subfield>
    </marc:datafield>
    <marc:datafield tag="022" ind1=" " ind2=" ">
      <marc:subfield code="a">0016-9447</marc:subfield>
      <marc:subfield code="2">6</marc:subfield>
    </marc:datafield>
    <marc:datafield tag="030" ind1=" " ind2=" ">
      <marc:subfield code="a">GMOND</marc:subfield>
    </marc:datafield>
    <marc:datafield tag="035" ind1=" " ind2=" ">
      <marc:subfield code="a">(DE-599)ZDB3650-X</marc:subfield>
    </marc:datafield>
    <marc:datafield tag="035" ind1=" " ind2=" ">
      <marc:subfield code="a">(OCoLC)643601767</marc:subfield>
    </marc:datafield>
    <marc:datafield tag="040" ind1=" " ind2=" ">
      <marc:subfield code="a">9001</marc:subfield>
      <marc:subfield code="b">ger</marc:subfield>
      <marc:subfield code="c">DE-101</marc:subfield>
      <marc:subfield code="d">9999</marc:subfield>
    </marc:datafield>
    <marc:datafield tag="041" ind1=" " ind2=" ">
      <marc:subfield code="a">ger</marc:subfield>
    </marc:datafield>
    <marc:datafield tag="042" ind1=" " ind2=" ">
      <marc:subfield code="a">zdb</marc:subfield>
    </marc:datafield>
    <marc:datafield tag="044" ind1=" " ind2=" ">
      <marc:subfield code="c">XA-DE</marc:subfield>
    </marc:datafield>
    <marc:datafield tag="082" ind1="7" ind2="4">
      <marc:subfield code="a">330</marc:subfield>
      <marc:subfield code="q">DE-101</marc:subfield>
      <marc:subfield code="2">22sdnb</marc:subfield>
    </marc:datafield>
    <marc:datafield tag="083" ind1="7" ind2=" ">
      <marc:subfield code="a">330</marc:subfield>
      <marc:subfield code="a">360</marc:subfield>
      <marc:subfield code="q">DE-600</marc:subfield>
      <marc:subfield code="2">22sdnb</marc:subfield>
    </marc:datafield>
    <marc:datafield tag="084" ind1=" " ind2=" ">
      <marc:subfield code="a">3,61</marc:subfield>
      <marc:subfield code="2">ssgn</marc:subfield>
    </marc:datafield>
    <marc:datafield tag="084" ind1=" " ind2=" ">
      <marc:subfield code="a">q 2</marc:subfield>
      <marc:subfield code="a">r 2</marc:subfield>
      <marc:subfield code="a">r 25</marc:subfield>
      <marc:subfield code="a">r 75.3</marc:subfield>
      <marc:subfield code="a">r 75.4</marc:subfield>
      <marc:subfield code="a">x 502</marc:subfield>
      <marc:subfield code="2">ifzs</marc:subfield>
    </marc:datafield>
    <marc:datafield tag="084" ind1=" " ind2=" ">
      <marc:subfield code="a">PF 100</marc:subfield>
      <marc:subfield code="2">rvk</marc:subfield>
    </marc:datafield>
    <marc:datafield tag="084" ind1=" " ind2=" ">
      <marc:subfield code="a">JUR 480z</marc:subfield>
      <marc:subfield code="a">SOZ 570z</marc:subfield>
      <marc:subfield code="a">WIR 450z</marc:subfield>
      <marc:subfield code="a">WIR 470z</marc:subfield>
      <marc:subfield code="2">stub</marc:subfield>
    </marc:datafield>
    <marc:datafield tag="084" ind1=" " ind2=" ">
      <marc:subfield code="a">610</marc:subfield>
      <marc:subfield code="a">650</marc:subfield>
      <marc:subfield code="2">rpb</marc:subfield>
    </marc:datafield>
    <marc:datafield tag="210" ind1="0" ind2="0">
      <marc:subfield code="a">Gewerksch. Monatsh.</marc:subfield>
    </marc:datafield>
    <marc:datafield tag="222" ind1=" " ind2="0">
      <marc:subfield code="a">Gewerkschaftliche Monatshefte</marc:subfield>
    </marc:datafield>
    <marc:datafield tag="245" ind1="0" ind2="0">
      <marc:subfield code="a">Gewerkschaftliche Monatshefte</marc:subfield>
      <marc:subfield code="c">Hrsg.: Bundesvorstand des DGB</marc:subfield>
    </marc:datafield>
    <marc:datafield tag="246" ind1="1" ind2=" ">
      <marc:subfield code="i">Titelzusatz früher</marc:subfield>
      <marc:subfield code="a">GMH</marc:subfield>
    </marc:datafield>
    <marc:datafield tag="246" ind1="1" ind2=" ">
      <marc:subfield code="i">Titelzusatz früher</marc:subfield>
      <marc:subfield code="a">Zeitschrift für soziale Theorie und Praxis</marc:subfield>
    </marc:datafield>
    <marc:datafield tag="246" ind1="1" ind2=" ">
      <marc:subfield code="i">Abweichender Titel teils</marc:subfield>
      <marc:subfield code="a">GMH</marc:subfield>
    </marc:datafield>
    <marc:datafield tag="264" ind1="3" ind2="1">
      <marc:subfield code="a">Wiesbaden</marc:subfield>
      <marc:subfield code="b">VS, Verl. für Sozialwiss.</marc:subfield>
      <marc:subfield code="c">1950-2004</marc:subfield>
    </marc:datafield>
    <marc:datafield tag="264" ind1="2" ind2="1">
      <marc:subfield code="3">anfangs</marc:subfield>
      <marc:subfield code="a">Köln-Deutz</marc:subfield>
      <marc:subfield code="b">Bund-Verl.</marc:subfield>
    </marc:datafield>
    <marc:datafield tag="264" ind1="2" ind2="1">
      <marc:subfield code="3">1998</marc:subfield>
      <marc:subfield code="a">Düsseldorf</marc:subfield>
      <marc:subfield code="b">Einblick-Verl.Ges.</marc:subfield>
    </marc:datafield>
    <marc:datafield tag="264" ind1="2" ind2="1">
      <marc:subfield code="3">1999-2003</marc:subfield>
      <marc:subfield code="a">Wiesbaden</marc:subfield>
      <marc:subfield code="b">Westdt. Verl.</marc:subfield>
    </marc:datafield>
    <marc:datafield tag="336" ind1=" " ind2=" ">
      <marc:subfield code="a">Text</marc:subfield>
      <marc:subfield code="b">txt</marc:subfield>
      <marc:subfield code="2">rdacontent</marc:subfield>
    </marc:datafield>
    <marc:datafield tag="337" ind1=" " ind2=" ">
      <marc:subfield code="a">ohne Hilfsmittel zu benutzen</marc:subfield>
      <marc:subfield code="b">n</marc:subfield>
      <marc:subfield code="2">rdamedia</marc:subfield>
    </marc:datafield>
    <marc:datafield tag="338" ind1=" " ind2=" ">
      <marc:subfield code="a">Band</marc:subfield>
      <marc:subfield code="b">nc</marc:subfield>
      <marc:subfield code="2">rdacarrier</marc:subfield>
    </marc:datafield>
    <marc:datafield tag="362" ind1="0" ind2=" ">
      <marc:subfield code="a">1.1950 - 55.2004; damit Ersch. eingest.</marc:subfield>
    </marc:datafield>
    <marc:datafield tag="363" ind1="0" ind2="0">
      <marc:subfield code="8">1.1\x</marc:subfield>
      <marc:subfield code="a">1</marc:subfield>
      <marc:subfield code="i">1950</marc:subfield>
    </marc:datafield>
    <marc:datafield tag="363" ind1="1" ind2="0">
      <marc:subfield code="8">1.2\x</marc:subfield>
      <marc:subfield code="a">55</marc:subfield>
      <marc:subfield code="i">2004</marc:subfield>
    </marc:datafield>
    <marc:datafield tag="365" ind1=" " ind2=" ">
      <marc:subfield code="b">: EUR 9.50 (Einzelh.), sfr 19.00 (Einzelh.), EUR 78.00 (jährl.), sfr 140.00 (jährl.), EUR 54.00 (jährl. für Studenten), sfr 97.00 (jährl. für Studenten)</marc:subfield>
    </marc:datafield>
    <marc:datafield tag="583" ind1="1" ind2=" ">
      <marc:subfield code="a">Archivierung/Langzeitarchivierung gewährleistet</marc:subfield>
      <marc:subfield code="c">2020</marc:subfield>
      <marc:subfield code="f">PENW</marc:subfield>
      <marc:subfield code="5">DE-5</marc:subfield>
      <marc:subfield code="2">pdager</marc:subfield>
    </marc:datafield>
    <marc:datafield tag="583" ind1="1" ind2=" ">
      <marc:subfield code="a">Archivierung/Langzeitarchivierung gewährleistet</marc:subfield>
      <marc:subfield code="f">PEHE</marc:subfield>
      <marc:subfield code="5">DE-43</marc:subfield>
      <marc:subfield code="2">pdager</marc:subfield>
    </marc:datafield>
    <marc:datafield tag="591" ind1=" " ind2=" ">
      <marc:subfield code="a">Ch1!Ch1!4!(07-02-05)</marc:subfield>
    </marc:datafield>
    <marc:datafield tag="610" ind1="2" ind2="7">
      <marc:subfield code="0">(DE-588)2008287-3</marc:subfield>
      <marc:subfield code="0">https://d-nb.info/gnd/2008287-3</marc:subfield>
      <marc:subfield code="0">(DE-101)004680774</marc:subfield>
      <marc:subfield code="a">Deutscher Gewerkschaftsbund</marc:subfield>
      <marc:subfield code="9">rswk-swf</marc:subfield>
      <marc:subfield code="2">gnd</marc:subfield>
    </marc:datafield>
    <marc:datafield tag="655" ind1=" " ind2="7">
      <marc:subfield code="0">(DE-588)4067488-5</marc:subfield>
      <marc:subfield code="0">https://d-nb.info/gnd/4067488-5</marc:subfield>
      <marc:subfield code="0">(DE-101)040674886</marc:subfield>
      <marc:subfield code="a">Zeitschrift</marc:subfield>
      <marc:subfield code="2">gnd-content</marc:subfield>
    </marc:datafield>
    <marc:datafield tag="655" ind1=" " ind2="7">
      <marc:subfield code="a">Zeitschrift</marc:subfield>
      <marc:subfield code="9">rswk-swf</marc:subfield>
      <marc:subfield code="2">gnd</marc:subfield>
    </marc:datafield>
    <marc:datafield tag="689" ind1="0" ind2="0">
      <marc:subfield code="0">(DE-588)2008287-3</marc:subfield>
      <marc:subfield code="0">https://d-nb.info/gnd/2008287-3</marc:subfield>
      <marc:subfield code="0">(DE-101)004680774</marc:subfield>
      <marc:subfield code="D">b</marc:subfield>
      <marc:subfield code="a">Deutscher Gewerkschaftsbund</marc:subfield>
    </marc:datafield>
    <marc:datafield tag="689" ind1="0" ind2="1">
      <marc:subfield code="A">f</marc:subfield>
      <marc:subfield code="a">Zeitschrift</marc:subfield>
    </marc:datafield>
    <marc:datafield tag="689" ind1="0" ind2=" ">
      <marc:subfield code="5">DE-101</marc:subfield>
      <marc:subfield code="5">DE-101</marc:subfield>
    </marc:datafield>
    <marc:datafield tag="710" ind1="2" ind2=" ">
      <marc:subfield code="0">(DE-588)2008287-3</marc:subfield>
      <marc:subfield code="0">https://d-nb.info/gnd/2008287-3</marc:subfield>
      <marc:subfield code="0">(DE-101)004680774</marc:subfield>
      <marc:subfield code="a">Deutscher Gewerkschaftsbund</marc:subfield>
      <marc:subfield code="e">Herausgebendes Organ</marc:subfield>
      <marc:subfield code="4">isb</marc:subfield>
      <marc:subfield code="2">gnd</marc:subfield>
    </marc:datafield>
    <marc:datafield tag="776" ind1="0" ind2="8">
      <marc:subfield code="i">Erscheint auch als</marc:subfield>
      <marc:subfield code="n">Online-Ausgabe</marc:subfield>
      <marc:subfield code="t">Gewerkschaftliche Monatshefte</marc:subfield>
      <marc:subfield code="d">Wiesbaden : VS Verlag für Sozialwissenschaften, 1950-2004</marc:subfield>
      <marc:subfield code="h">Online-Ressource</marc:subfield>
      <marc:subfield code="x">0016-9447</marc:subfield>
      <marc:subfield code="w">(DE-600)2270042-0</marc:subfield>
      <marc:subfield code="w">(DE-101)983096767</marc:subfield>
    </marc:datafield>
    <marc:datafield tag="780" ind1="0" ind2="0">
      <marc:subfield code="i">Als Vorg. gilt</marc:subfield>
      <marc:subfield code="t">&#152;Die&#156; Arbeit</marc:subfield>
      <marc:subfield code="d">Berlin : Verl.-Ges. d. ADGB, 1924-1933</marc:subfield>
      <marc:subfield code="w">(DE-600)531245-0</marc:subfield>
      <marc:subfield code="w">(DE-101)012847399</marc:subfield>
    </marc:datafield>
    <marc:datafield tag="787" ind1="0" ind2="8">
      <marc:subfield code="i">37,10=15 von</marc:subfield>
      <marc:subfield code="a">IG Metall &lt;Deutschland, Bundesrepublik&gt;</marc:subfield>
      <marc:subfield code="t">Zum ... Gewerkschaftstag der IG Metall</marc:subfield>
      <marc:subfield code="d">Köln : Bund-Verl., 1986-1986</marc:subfield>
      <marc:subfield code="w">(DE-600)1413521-8</marc:subfield>
      <marc:subfield code="w">(DE-101)01908160X</marc:subfield>
    </marc:datafield>
    <marc:datafield tag="850" ind1=" " ind2=" ">
      <marc:subfield code="a">DE-101a</marc:subfield>
      <marc:subfield code="a">DE-101b</marc:subfield>
    </marc:datafield>
    <marc:datafield tag="889" ind1=" " ind2=" ">
      <marc:subfield code="w">(DE-101)942804228</marc:subfield>
    </marc:datafield>
    <marc:datafield tag="925" ind1="r" ind2=" ">
      <marc:subfield code="a">ra</marc:subfield>
    </marc:datafield>
  </marc:record>
</marc:collection>
